000
00196 a2200109 4500
020
_a
9780153069635
041
_a
spa
100
_a
Dorros, Arthur
245
_a
Abuela
942
_c
BK
952
_7
4
999
_c
19616
_d
19616